| 000 | 01420nam a2200325 a 4500 | ||
|---|---|---|---|
| 001 | 554120 | ||
| 003 | ARRUPE | ||
| 005 | 20220201134733.0 | ||
| 008 | 880606s1985 sw b 000 0 eng d | ||
| 010 | _a 88146708 | ||
| 020 | _a9171463445 | ||
| 035 | _a(OCoLC)14392475 | ||
| 040 |
_aODaTS _cDLC _dDLC |
||
| 042 | _alccopycat | ||
| 043 | _af------ | ||
| 050 | 0 | 4 | _aBR-1360-1 |
| 100 | 1 |
_aWesterlund, David. _929267 |
|
| 245 | 1 | 0 |
_aAfrican religion in African scholarship : _ba preliminary study of the religious and political background / _cDavid Westerlund. |
| 260 |
_aStockholm : _bAlmqvist & Wiksell International, _c1985. |
||
| 300 |
_a104 p. ; _c24 cm. |
||
| 490 | 1 |
_aStudies published by the Institute of Comparative Religion at the University of Stockholm, _x0348-7415 ; _v7 = _aSkrifter utgivna av Religionshistoriska institutionen vid Stockholms universitet |
|
| 504 | _aIncludes bibliographical references (p. 92-103). | ||
| 650 | 0 |
_aChristianity _zAfrica _xStudy and teaching. _951043 |
|
| 651 | 0 |
_aAfrica _xReligion _xStudy and teaching. _951044 |
|
| 710 | 2 |
_aStockholms universitet. _bReligionshistoriska institutionen. _951045 |
|
| 830 | 0 |
_aStudies (Stockholms universitet. Religionshistoriska institutionen) ; _v7. _951046 |
|
| 906 |
_a7 _bcbc _ccopycat _d3 _encip _f19 _gy-gencatlg |
||
| 942 |
_2lcc _cMONOGRAPH |
||
| 999 |
_c131142 _d131142 |
||